Les villes ayant accueilli le Grand Départ du Tour de France - Statistiques

Statistiques générales
  • Ce quiz a été pris 176 fois
    74 depuis la dernière actualisation
  • Le résultat moyen est 22 sur 57
Statistiques - réponses
Nombre d'éditions Années Ville Pays % Correct
36 1905-1914, 1919-1925, 1927-1939,1947-1950, 1963, 2003 Paris France
100%
2 1960, 1994 Lille France
93%
4 1952, 1974, 2008, 2021 Brest France
83%
2 1981, 2020 Nice France
81%
1 1991 Lyon France
80%
2 1958, 2019 Bruxelles Belgique
74%
1 2022 Copenhague Danemark
74%
1 1954 Amsterdam Pays-Bas
71%
1 2007 Londres Royaume-Uni
71%
1 1964 Rennes France
71%
1 1957 Nantes France
70%
1 1987 Berlin Allemagne
67%
1 2009 Monaco Monaco
66%
1 1998 Dublin Irlande
64%
2 1953, 2006 Strasbourg France
64%
1 2024 Florence Italie
63%
1 2010 Rotterdam Pays-Bas
63%
1 2023 Bilbao Espagne
61%
2 1989, 2002 Luxembourg Luxembourg
59%
1 1951 Metz France
53%
1 1956 Reims France
51%
2 2004, 2012 Liège Belgique
49%
2 1962, 1966 Nancy France
49%
1 1955 Le Havre France
47%
2 1961, 1997 Rouen France
46%
1 2017 Düsseldorf Allemagne
37%
1 1980 Francfort-sur-le-Main Allemagne
36%
1 2001 Dunkerque France
34%
2 1967, 1972 Angers France
33%
1 1965 Cologne Allemagne
33%
1 1982 Bâle Suisse
29%
1 2015 Utrecht Pays-Bas
29%
1 1975 Charleroi Belgique
24%
1 2014 Leeds Royaume-Uni
24%
1 1970 Limoges France
24%
1 1992 Saint-Sébastien Espagne
23%
1 1986 Boulogne-Billancourt France
21%
1 2016 Le Mont-Saint-Michel France
20%
2 1959, 1971 Mulhouse France
20%
1 1995 Saint-Brieuc France
20%
1 2013 Porto-Vecchio France
19%
1 1969 Roubaix France
19%
1 2018 Noirmoutier-en-l'Île France
16%
1 1983 Fontenay-sous-Bois France
6%
1 1996 Bois-le-Duc Pays-Bas
4%
1 1926 Évian-les-Bains France
4%
2 1903, 1904 Montgeron France
4%
2 1977, 1979 Fleurance France
3%
1 1984 Montreuil France
3%
1 1978 Leyde Pays-Bas
1%
1 1985 Plumelec France
1%
1 1988 Pontchâteau France
1%
1 1976 Saint-Hilaire-de-Riez France
1%
1 1968 Vittel France
1%
1 2011 Barbâtre France
0%
1 2005 La Barre-de-Monts France
0%
1 1973 Schéveningue Pays-Bas
0%
Aucun quiz correspondant
Distribution des résultats
% des personnes avec chaque résultat
Percentile par nombre de réponses
Votre historique - résultats
Vous n’avez pas pris ce quiz depuis la dernière actualisation